000 00958nas a2200301 4500
001 BR2011004672
003 BR-BrBNA
005 20231205115533.0
007 ta
008 230509b bl.|||p| |||| 00| 00por d
040 _aBR-BrBNA
_bpor
_cBiblioteca Nacional de Agricultura
041 _a(Pt)
072 _aP30
100 1 _aReis, I.N.R.S.
100 1 _aFernandes, A.R.
100 1 _aNoronha, N.C.
100 1 _aVeloso, C.A.C.
245 1 _aCaracterísticas químicas de solos cultivados com laranjeira sob diferentes níveis de manejo, na microrregião do Guamá (PA)
650 _aLARANJA
650 _aCITRUS SINENSIS
650 _aMANEJO DO SOLO
650 _aPROPRIEDADE FÍSICO-QUÍMICA
650 _aMACROELEMENTO
650 _aMICROELEMENTO
773 0 _tRevista de Ciências Agrárias (Brazil)
_xISSN 1517-591X
_g(Jul-Dec 2008), v. 50 p. 47-61
_wBR2011004672
909 _a202311
_bLúcia
_c55
_dLúcia Elande
942 _2AGRIS
_n0
_cANA
999 _c214314
_d214314